| 000 | 00000nam 2200000zi 4500 |
| 001 | 9.940067 |
| 003 | CaOODSP |
| 005 | 20250204083634 |
| 006 | m o d f |
| 007 | cr mn||||||||| |
| 008 | 240702s2024 oncab o f000 0 fre d |
| 020 | |a9780660726083 |
| 040 | |aCaOODSP|bfre|erda|cCaOODSP |
| 043 | |an-cn--on |
| 086 | 1 |aCC172-259/2024F-PDF |
| 245 | 00|aFiche d'information : |bse préparer à une urgence nucléaire. |
| 264 | 1|a[Ottawa] : |bCommission canadienne de sûreté nucléaire = Canadian Nuclear Safety Commission, |c[2024] |
| 300 | |a1 ressource en ligne (2 pages non numérotées) : |billustrations en couleur, carte en couleur |
| 336 | |atexte|btxt|2rdacontent/fre |
| 337 | |ainformatique|bc|2rdamedia/fre |
| 338 | |aressource en ligne|bcr|2rdacarrier/fre |
| 500 | |aPublié aussi en anglais sous le titre : Fact sheet: preparing for a nuclear emergency. |
| 500 | |a« Cette fiche d'information a été préparée en collaboration avec la Première Nation de Curve Lake » -- Page [1]. |
| 650 | 6|aCentrales nucléaires|xAccidents|zOntario (Sud)|xPlanification. |
| 650 | 6|aGestion des situations d'urgence|zOntario|zCurve Lake First Nation (Réserve indienne) |
| 710 | 2 |aCommission canadienne de sûreté nucléaire, |eorganisme de publication. |
| 775 | 08|tFact sheet : |w(CaOODSP)9.940068 |
| 856 | 40|qPDF|s708 Ko|uhttps://publications.gc.ca/collections/collection_2025/ccsn-cnsc/CC172-259-2024-fra.pdf |